000 00807nam a2200229Ia 4500
005 20250120154655.0
008 210716s2012 xx 000 0 und d
020 _a9788184871333
040 _cAIMIT LIBRARY
041 _aeng
082 _a001.0725116
_21
_bBASK
245 _aComputational optimization and applications /
_cEdited by Kajla Basu and Samarjit Kar.
250 _a1st ed.
260 _aNew Delhi :
_bNarosa Publishing House ,
_c2012.
300 _a150p. ;
_bHB
_c25.8 cm
650 _aUnconstrained and constrained optimization
_9193927
650 _aAnt colony optimization : an overview
_9193928
650 _aStochastic optimization : a conspectus
_9193929
700 _aBasu, Kajla., ed.
_9193930
700 _aKar, Samarjit., ed.
_9193931
942 _2ddc
_cBK
_e1st
_k001.0725116 BASK
999 _c180509
_d180509